000 00523nmm a2200217 a 4500
003 AR-BaBNM
005 20251128203623.0
008 127019s1942 ||||||||||||||000 | spa||
040 _cAR-BaBNM
100 1 _aCaballero, Ramón
245 1 0 _aDiccionario de modismos de la lengua castellana
260 _aBuenos Aires
_bEl Ateneo
_c1942
300 0 _a1179 p.
650 4 _aDICCIONARIOS
650 4 _aESPANOL
650 4 _aLINGUISTICA
653 0 _aMODISMOS
655 _aREFERENCIA
942 _cBK
998 _claura
999 _c4177
_d4177